[Event "Skolernes Skakklub op"]
[Site "Aarhus"]
[Date "1997.??.??"]
[Round "2"]
[White "Kveinys, Aloyzas"]
[Black "Antonsen, Mikkel"]
[Result "1/2-1/2"]
[WhiteElo "2545"]
[BlackElo "2410"]

1.Nf3 Nf6 2.c4 g6 3.g3 Bg7 4.Bg2 O-O 5.O-O d6 6.d4 Nc6 7.Nc3 a6 8.b3 e5 9.d5 Ne7
10.e4 Nd7 11.Qc2 h6 12.Nh4 f5 13.exf5 gxf5 14.f4 e4 15.Bb2 Nc5 16.Nd1 Qe8
17.Bxg7 Kxg7 18.Qc3+ Kh7 19.Ne3 Ng6 20.Nxg6 Qxg6 21.b4 Nd3 22.a3 a5 23.b5 Bd7
24.Ra2 h5 25.Kh1 Qg7  1/2-1/2

[Event "Alushta-C"]
[Site "Alushta"]
[Date "1997.??.??"]
[Round "3"]
[White "Barshevich, Veniamin"]
[Black "Umansky, Vladimir"]
[Result "1-0"]
[WhiteElo "2235"]
[BlackElo "2375"]

1.Nf3 Nf6 2.c4 g6 3.g3 Bg7 4.Bg2 O-O 5.O-O d6 6.Nc3 e5 7.b4 a5 8.b5 Nbd7
9.Ba3 Re8 10.Rc1 Nc5 11.d3 e4 12.Nxe4 Nfxe4 13.dxe4 Nxe4 14.Nd4 Bd7 15.e3 Qe7
16.Qc2 Rad8 17.Rfd1 h5 18.Bb2 h4 19.Qe2 Qg5 20.Nf3 Qh6 21.Bxg7 Qxg7 22.Nd4 b6
23.Qc2 Qe5 24.Nf3 Qf6 25.Rd4 Bf5 26.g4 Bxg4 27.Rxe4 Bxf3 28.Rf4  1-0

[Event "BEL-chT 9798"]
[Site "Antwerp"]
[Date "1997.??.??"]
[Round "4"]
[White "Tjiam, Dharma"]
[Black "Van Gaalen, Bas"]
[Result "1/2-1/2"]
[WhiteElo "2305"]
[BlackElo "2355"]

1.Nf3 Nf6 2.c4 g6 3.g3 Bg7 4.Bg2 O-O 5.O-O d5 6.cxd5 Nxd5 7.Nc3 Nb6 8.d3 Nc6
9.Bd2 h6 10.Rc1 e5 11.Ne4 Nd4 12.Nc5 c6 13.b4 Nd5 14.e3 Ne6 15.Qb3 Qe7 16.Qb1 Rd8
17.Rfd1 Rb8 18.h3 Ndc7 19.a4 Nxc5 20.Rxc5 Ne6 21.Rcc1 Bd7 22.Bc3 c5 23.Qa1 e4
24.Bxg7 Nxg7 25.dxe4 cxb4 26.Rd5 Bc6 27.Re5 Qd6 28.Nh2 h5 29.Rec5 Qe7 30.a5 Ne6
31.R5c4 Bb5 32.R4c2 Bd3 33.Rb2 Rbc8 34.Rxc8 Rxc8 35.Qd1 Rc3 36.Nf1 Qc5 37.Qa4 Rc4
38.Nd2 Rc1+ 39.Kh2 Rc2 40.Rxc2 Qxc2 41.Qxb4 b5 42.axb6 axb6 43.e5  1/2-1/2

[Event "AUT-chT2S 9697"]
[Site "Austria"]
[Date "1997.??.??"]
[Round "9"]
[White "Kastner, Walter"]
[Black "Smole, Albert"]
[Result "1-0"]
[WhiteElo "2295"]
[BlackElo "2160"]

1.Nf3 Nf6 2.c4 g6 3.g3 Bg7 4.Bg2 O-O 5.O-O d6 6.Nc3 Nbd7 7.d4 c6 8.e4 e5
9.b3 Re8 10.h3 a6 11.d5 cxd5 12.cxd5 b5 13.Nd2 Nb6 14.Bb2 b4 15.Ne2 a5 16.Re1 Ba6
17.Bf1 Nfd7 18.Nc1 Bxf1 19.Nxf1 Nc5 20.Nd3 Rc8 21.Rc1 Bh6 22.Rc2 Nxd3 23.Qxd3 Rxc2
24.Qxc2 Qd7 25.Qe2 Ra8 26.Bc1 Bxc1 27.Rxc1 Rc8 28.Rxc8+ Qxc8 29.Qb5 Qc5 30.Qxc5 dxc5
31.Ne3 a4 32.Kf1 a3 33.Ke2 f5 34.Kd3 f4 35.gxf4 exf4 36.Nc4 Nd7 37.e5 g5
38.Ke4 h5 39.Kf5 g4 40.hxg4 h4 41.Kxf4 Kg7 42.g5 Nf8 43.Kg4 Ng6 44.e6 h3
45.Kxh3 Nf4+ 46.Kg4 Nxd5 47.f4 Nc3 48.f5 Nxa2 49.f6+  1-0

[Event "AUT-chT2S 9697"]
[Site "Austria"]
[Date "1997.??.??"]
[Round "10"]
[White "Buchegger, J."]
[Black "Scheck, Rudolf"]
[Result "0-1"]
[WhiteElo "2185"]
[BlackElo "1995"]

1.c4 Nf6 2.Nf3 g6 3.g3 Bg7 4.Bg2 O-O 5.O-O c6 6.d4 d5 7.cxd5 cxd5 8.Ne5 e6
9.Nc3 Nfd7 10.Nxd7 Bxd7 11.e3 b5 12.e4 b4 13.exd5 bxc3 14.dxe6 Bc6 15.exf7+ Rxf7
16.bxc3 Bxg2 17.Kxg2 Qd5+ 18.Kg1 Nc6 19.Qb3 Qe4 20.Be3 Rb8 21.Qa4 Ne5  0-1

[Event "Wch Seniors"]
[Site "Bad Wildbad"]
[Date "1997.??.??"]
[Round "5"]
[White "Leschhorn, Heinrich"]
[Black "Zotin, Vladimir"]
[Result "0-1"]
[WhiteElo "2077"]
[BlackElo "1820"]

1.Nf3 Nf6 2.c4 g6 3.g3 Bg7 4.Bg2 O-O 5.O-O c5 6.Nc3 d6 7.d3 Nc6 8.Bg5 Rb8
9.Rb1 a6 10.a3 b5 11.Nd2 Nd4 12.b4 h6 13.Bxf6 Bxf6 14.Nce4 Bg7 15.e3 Ne6
16.Qc2 cxb4 17.Rxb4 Qc7 18.Rc1 Qa5 19.Qa2 Bd7 20.c5 dxc5 21.Nxc5 Nxc5 22.Rxc5 Rfc8
23.d4 Rxc5 24.dxc5 Bc3 25.Nb3 Qd8 26.Rh4 Bf6 27.Rxh6 Kg7 28.Rh3 Be6 29.Qc2 Qc8
30.Rh4 Bxh4 31.gxh4 Bxb3 32.Qc3+ f6 33.c6 Qe6 34.c7 Rc8 35.Bb7 Qg4+ 36.Kh1 Bd5+
37.Bxd5 Qd1+  0-1

[Event "Badalona op"]
[Site "Badalona"]
[Date "1997.??.??"]
[Round "?"]
[White "Spassov, Liuben"]
[Black "Gamez Cenzano, Andres"]
[Result "1-0"]
[WhiteElo "2425"]
[BlackElo "2200"]

1.Nf3 Nf6 2.c4 g6 3.g3 Bg7 4.Bg2 O-O 5.O-O d6 6.d4 c5 7.Nc3 Nc6 8.dxc5 dxc5
9.Be3 Qxd1 10.Rfxd1 Nd7 11.Rac1 Rb8 12.b3 b6 13.Nb5 a6 14.Nc3 Rd8 15.Bf4 e5
16.Bd2 Nf8 17.Nd5 Ne6 18.e3 a5 19.Bc3 e4 20.Ne1 f5 21.f3 exf3 22.Nxf3 Bxc3
23.Rxc3 Ba6 24.a4 Kg7 25.Rcd3 h6 26.h4 Nf8 27.R3d2 Bc8 28.Ne1 Be6 29.Nd3 Bg8
30.N3f4 Rd6 31.Kf2 Ne5 32.Ke2 Ng4 33.Bf3 h5 34.Bxg4 hxg4 35.Nc7 Rxd2+ 36.Rxd2 Rc8
37.Nb5 Rc6 38.Rd8 Be6 39.Na7 Bd7 40.Rxd7+  1-0

[Event "Stadtcasino op"]
[Site "Baden"]
[Date "1997.??.??"]
[Round "?"]
[White "Torricelli, Arnold"]
[Black "Nemet, Ivan"]
[Result "0-1"]
[WhiteElo "2135"]
[BlackElo "2410"]

1.c4 Nf6 2.g3 g6 3.Bg2 Bg7 4.Nf3 O-O 5.O-O d6 6.Nc3 c6 7.d3 a6 8.a4 a5 9.Rb1 Na6
10.Na2 d5 11.b4 axb4 12.Nxb4 dxc4 13.Ba3 Nxb4 14.Rxb4 cxd3 15.exd3 Nd5 16.Rc4 b5
17.Rxc6 Rxa4 18.Qc1 Bb7 19.Rc5 b4 20.Bb2 Nc3 21.Bxc3 bxc3 22.Qc2 Qa8 23.Ne1 Bxg2
24.Nxg2 Ra2 25.Qb3 Bd4 26.Rc7 Rxf2  0-1

[Event "Barbera-A"]
[Site "Barbera"]
[Date "1997.??.??"]
[Round "5"]
[White "Bravo, Narciso"]
[Black "Hernando Rodrigo, Jose Maria"]
[Result "1/2-1/2"]
[WhiteElo "2230"]
[BlackElo "2270"]

1.Nf3 Nf6 2.c4 g6 3.g3 Bg7 4.Bg2 O-O 5.O-O d6 6.Nc3 c5 7.d4 Nc6 8.h3 cxd4
9.Nxd4 Nxd4 10.Qxd4 Be6 11.Qd3 Qc8 12.Bg5 Bxc4 13.Qd2 Qc7 14.Rad1 Rab8 15.Rfe1 b5
16.e4 b4 17.Nd5 Nxd5 18.exd5 e5 19.dxe6 Bxe6 20.Bf4 Rb6 21.Be3 Rb5 22.Bf1 Rb7
23.Bg2 d5 24.Bd4 Bxd4 25.Qxd4 Rd8 26.h4 h5 27.Qf6 Rb6 28.Rd4 Rc8 29.b3 Qd8
30.Qf4 Qc7 31.Qg5 Ra6 32.Kh2 Qc3 33.Rdd1 Qg7 34.Rd2 Rc3 35.Bxd5 Bxd5 36.Re8+ Kh7
37.Qxd5 Qf6 38.Kg2 Qc6 39.Qxc6 Rcxc6 40.Re7 Rf6 41.Rb7 Ra3 42.Rxb4 Kg7 43.Rb7 Rf5
44.b4 Ra4 45.b5 Ra5 46.b6 axb6 47.Rxb6 Ra7 48.Kf1 Rfa5 49.Rbb2 Ra3 50.Ke1 Kf6
51.Re2 Kg7 52.Kd1 Kf6 53.Kc1 Kg7 54.Kb1 Kf6 55.Rb3 R3a4 56.Reb2 Ke5 57.Rb5+ Ke4
58.R5b4+ Kf3 59.R4b3+ Kg4 60.Rb7 Kf3 61.Rxa7 Rxa7 62.Rc2  1/2-1/2

[Event "Oberliga Bayern9697"]
[Site "Bayern"]
[Date "1997.??.??"]
[Round "?"]
[White "Mandl, Robert"]
[Black "Gruenberg, Hans Ulrich"]
[Result "1-0"]
[WhiteElo "2410"]
[BlackElo "2440"]

1.c4 Nf6 2.Nf3 g6 3.g3 Bg7 4.Bg2 O-O 5.O-O d6 6.Nc3 c6 7.d4 Nbd7 8.e4 e5
9.h3 Qa5 10.Re1 exd4 11.Nxd4 Re8 12.Rb1 Qb4 13.Bf1 Nc5 14.Nc2 Qb6 15.Bg2 Nfd7
16.Bd2 a5 17.b3 Ne5 18.Ne3 h5 19.h4 Bg4 20.f3 Bd7 21.Kh2 Qa7 22.Ne2 Ncd3
23.Rf1 Qc5 24.Nc2 Nf2 25.Rxf2 Qxf2 26.Be3 Nxf3+ 27.Kh1 Qxg2+ 28.Kxg2 Bg4
29.Qxd6 Rad8 30.Qc5 Rxe4 31.Kf2 Ne5 32.Qxa5 Nd3+ 33.Kg1 Rde8 34.Nf4 Rxe3
35.Nxe3 Rxe3 36.Qd8+ Kh7 37.Nxd3 Rxg3+ 38.Kf2 Rf3+ 39.Kg2 Re3 40.Re1 Rf3
41.Ne5  1-0

[Event "Benasque op"]
[Site "Benasque"]
[Date "1997.??.??"]
[Round "3"]
[White "Spassov, Liuben"]
[Black "Abella Vazquez, Carlos Manuel"]
[Result "1-0"]
[WhiteElo "2425"]
[BlackElo "2165"]

1.Nf3 Nf6 2.c4 g6 3.g3 Bg7 4.Bg2 O-O 5.O-O d6 6.d4 Nbd7 7.Nc3 c6 8.e4 e5
9.b3 Qc7 10.h3 a6 11.Be3 Re8 12.Rc1 Rb8 13.Re1 b5 14.c5 exd4 15.cxd6 Qb6
16.Nxd4 c5 17.Nc6 Qxc6 18.e5 Qb6 19.exf6 Nxf6 20.b4 Bf5 21.bxc5 Qa5  1-0

[Event "Berliner Sommer"]
[Site "Berlin"]
[Date "1997.??.??"]
[Round "4"]
[White "Krogius, Nikolai V"]
[Black "Thiede, Lars"]
[Result "1-0"]
[WhiteElo "2475"]
[BlackElo "2335"]

1.Nf3 Nf6 2.c4 g6 3.g3 Bg7 4.Bg2 O-O 5.O-O d6 6.d4 Nbd7 7.Nc3 e5 8.e4 exd4
9.Nxd4 Re8 10.Re1 a6 11.h3 Rb8 12.Be3 c5 13.Nc2 Ne5 14.b3 b5 15.f4 Ned7 16.Bf2 b4
17.Na4 Bb7 18.e5 dxe5 19.Bxb7 Rxb7 20.fxe5 Nxe5 21.Nxc5 Rbe7 22.Qxd8 Rxd8
23.Red1 Nf3+ 24.Kg2 Nd2 25.Nxb4 Nfe4 26.Nc6 Bxa1 27.Nxe7+  1-0

[Event "Berliner Sommer"]
[Site "Berlin"]
[Date "1997.??.??"]
[Round "6"]
[White "Krogius, Nikolai V"]
[Black "Van Laatum, Gozewijn"]
[Result "1-0"]
[WhiteElo "2475"]
[BlackElo "2355"]

1.Nf3 Nf6 2.c4 g6 3.g3 Bg7 4.Bg2 O-O 5.O-O d6 6.d4 Nbd7 7.Nc3 e5 8.h3 exd4
9.Nxd4 a6 10.b3 Rb8 11.Bb2 Re8 12.Qd2 c5 13.Nc2 b5 14.cxb5 axb5 15.Qxd6 b4
16.Na4 Re6 17.Qd2 Ba6 18.Rfe1 Qe7 19.a3 bxa3 20.Rxa3 Rxe2 21.Rxe2 Qxe2 22.Qxe2 Bxe2
23.Ne3 Bf8 24.Bc3 Bd3 25.Nb2 Be4 26.Nbc4 Bxg2 27.Kxg2 Ne4 28.Be1 Bg7 29.Nd5 Nef6
30.Ne7+ Kf8 31.Nc6 Re8 32.Bd2 Re6 33.Ra8+ Ne8 34.Nd8 Re2 35.Kf1 Re7 36.Be3 Bd4
37.Nc6 Re6 38.Nxd4 cxd4 39.Bxd4 Ke7 40.b4 Re4 41.Rxe8+  1-0

[Event "Berliner Sommer"]
[Site "Berlin"]
[Date "1997.??.??"]
[Round "8"]
[White "Vul, Arkadi Eremeevich"]
[Black "Aubel, Jochem"]
[Result "1/2-1/2"]
[WhiteElo "2395"]
[BlackElo "2260"]

1.Nf3 Nf6 2.c4 g6 3.g3 Bg7 4.Bg2 O-O 5.d4 d6 6.O-O Nbd7 7.Nc3 e5 8.e4 exd4
9.Nxd4 Re8 10.Re1 Ng4 11.f3 Nge5 12.b3 Nc5 13.Be3 f5 14.h3 fxe4  1/2-1/2

[Event "Biel op MTO"]
[Site "Biel"]
[Date "1997.??.??"]
[Round "3"]
[White "Tseitlin, Mark D"]
[Black "Georges, Sacha"]
[Result "1-0"]
[WhiteElo "2530"]
[BlackElo "2300"]

1.Nf3 Nf6 2.g3 g6 3.Bg2 Bg7 4.c4 O-O 5.O-O c6 6.d4 d6 7.Nc3 a6 8.h3 b5 9.c5 Nbd7
10.Be3 Re8 11.Rc1 h6 12.b4 a5 13.a3 d5 14.Qd2 Kh7 15.Ne5 Nxe5 16.dxe5 Nd7
17.f4 Nf8 18.Bf2 f5 19.exf6 exf6 20.e4 dxe4 21.Qxd8 Rxd8 22.Nxe4 f5 23.Nd6 axb4
24.axb4 Bd7 25.Rfd1 Ra4 26.Rb1 Rda8 27.Bd4 R8a7 28.Nf7 Ra3 29.Kh2 Ra2 30.Ne5 Be6
31.Kg1 Bd5 32.Bxd5 cxd5 33.Bf2 g5 34.Rxd5 gxf4 35.gxf4 Ne6 36.Nd3 Rd2 37.Rd6 Raa2
38.Rxe6 Rxd3 39.Re7 Rdd2 40.Be3 Rg2+ 41.Kf1 Rh2 42.Re1 Kg6 43.Bg1 Rxh3 44.R1e2 Rxe2
45.Kxe2 Bc3 46.Rb7 Bxb4 47.Rxb5 Ba3 48.Bd4 Rh2+ 49.Kd3 Rh3+ 50.Kc4 Bc1 51.Be5 Bxf4
52.Bxf4 Rh4 53.c6 Rxf4+ 54.Kd5 Re4 55.c7 Re8 56.Rb8  1-0

[Event "Biel op MTO"]
[Site "Biel"]
[Date "1997.??.??"]
[Round "3"]
[White "Foisor, Ovidiu"]
[Black "Markowski, Tomasz"]
[Result "1/2-1/2"]
[WhiteElo "2425"]
[BlackElo "2515"]

1.c4 g6 2.g3 Bg7 3.Bg2 Nf6 4.Nf3 O-O 5.O-O d6 6.Nc3 Nc6 7.Rb1 e5 8.d3 h6
9.b4 Be6 10.Nd2 Qd7 11.Nd5 Ne8 12.b5 Nd8 13.Qa4 Bg4 14.Re1 Ne6 15.Nb3 Bh5
16.c5 f5 17.c6 bxc6 18.b6 cxb6 19.Nxb6 axb6 20.Qxa8 d5 21.Qa6 b5 22.Ba3 N8c7
23.Qb7 Ra8 24.Nc5 Qe8 25.Nxe6 Nxe6 26.Bd6 Rd8 27.Bb4 Rb8 28.Qe7 Qxe7 29.Bxe7 Ra8
30.a3 Kf7 31.Bb4 Ke8 32.e3 Kd7 33.Kf1 g5 34.Rec1 f4 35.gxf4 exf4 36.Ke1 f3
37.Bf1 d4 38.Rc2 Be5 39.Rbc1 Ra6 40.Bh3 g4 41.Rc5 Nxc5 42.Rxc5 Bd6 43.Rxh5 Bxb4+
44.axb4 Ra1+ 45.Kd2 Ra2+ 46.Ke1 gxh3 47.Rxh3 Re2+ 48.Kf1 dxe3 49.Rxf3 Rxf2+
50.Rxf2 exf2 51.Kxf2 Kd6 52.Ke2 Kd5 53.Ke3 h5 54.h4 c5 55.bxc5 Kxc5 56.Kd2 Kb4
57.Kc2  1/2-1/2

[Event "Biel op MTO"]
[Site "Biel"]
[Date "1997.??.??"]
[Round "7"]
[White "Gutman, Lev"]
[Black "Georges, Sacha"]
[Result "1-0"]
[WhiteElo "2475"]
[BlackElo "2300"]

1.c4 g6 2.g3 Bg7 3.Bg2 Nf6 4.Nf3 O-O 5.O-O c6 6.Qa4 d6 7.Nc3 Nbd7 8.Qa3 Re8
9.b4 e5 10.b5 d5 11.bxc6 bxc6 12.d4 exd4 13.Nxd4 Ne4 14.Nxc6 Qf6 15.Nxd5 Qxc6
16.Ne7+ Rxe7 17.Qxe7 Bb7 18.Rb1 Bf6 19.Qb4 Ndc5 20.Be3 a5 21.Qxc5  1-0

[Event "Bled op18th"]
[Site "Bled"]
[Date "1997.??.??"]
[Round "8"]
[White "Petek Medic, Mirjana"]
[Black "Rogic, Davor"]
[Result "0-1"]
[WhiteElo "2250"]
[BlackElo "2455"]

1.Nf3 Nf6 2.c4 g6 3.g3 Bg7 4.Bg2 O-O 5.O-O d6 6.d4 c6 7.Nc3 Qb6 8.h3 Na6
9.e4 e5 10.Re1 exd4 11.Nxd4 Ng4 12.hxg4 Bxd4 13.Be3 Bxe3 14.Rxe3 Be6 15.b3 Rad8
16.Qe2 Nc5 17.Kh2 f6 18.f4 Bf7 19.Rb1 a5 20.Qd2 Qc7 21.Bf3 Rfe8 22.Bg2 a4
23.Qd4 axb3 24.axb3 Qe7 25.Nd1 Ne6 26.Qb2 g5 27.f5 Nc5 28.Ra1 Kg7 29.Ra7 Na6
30.Qa1 Qd7 31.Qa5 Re7 32.Qb6 Qc7 33.Rxb7 Qxb7 34.Qxd8 Nb4 35.Nf2 Rd7 36.Qa5 Qb8
37.e5 Ra7 38.exf6+ Kf8 39.Qxa7 Qxa7 40.Re2 d5 41.cxd5 cxd5  0-1

[Event "Bled op18th"]
[Site "Bled"]
[Date "1997.??.??"]
[Round "8"]
[White "Mikhalchishin, Adrian"]
[Black "Delchev, Aleksander"]
[Result "1-0"]
[WhiteElo "2515"]
[BlackElo "2515"]

1.Nf3 Nf6 2.c4 g6 3.g3 Bg7 4.Bg2 O-O 5.d4 c5 6.O-O cxd4 7.Nxd4 Nc6 8.Nc3 Ng4
9.e3 d6 10.b3 Nxd4 11.exd4 Nh6 12.Ne2 Rb8 13.a4 a6 14.Ra2 Nf5 15.Qd3 Bd7
16.Rd1 e6 17.Rc2 Re8 18.Bh1 Ne7 19.Bg5 d5 20.cxd5 exd5 21.Bxd5 Bf5 22.Be4 Bxe4
23.Qxe4 Nd5 24.Bxd8 Rxe4 25.Ba5 b6 26.Be1 Rbe8 27.Kf1 h5 28.a5 bxa5 29.Bxa5 Bf8
30.Nc3 Nxc3 31.Rxc3 Bg7 32.Rc4 Re2 33.d5 Ra2 34.Bb6 Rb8 35.Be3 Rb2 36.d6 R2xb3
37.d7 Bf6 38.Rc8+ Bd8 39.Bg5  1-0

[Event "Clarin GP1 Boca Juniors"]
[Site "Boca"]
[Date "1997.??.??"]
[Round "6"]
[White "Szmetan, Jorge"]
[Black "Bernardo, Walter"]
[Result "1-0"]
[WhiteElo "2405"]
[BlackElo "2305"]

1.Nf3 Nf6 2.c4 g6 3.g3 Bg7 4.Bg2 O-O 5.O-O d6 6.d4 Nbd7 7.Nc3 c6 8.e4 e5
9.h3 exd4 10.Nxd4 Re8 11.Be3 a6 12.Qc2 Rb8 13.Rad1 Qc7 14.a4 b6 15.Rd2 Bb7
16.Rfd1 Rbd8 17.Nde2 Ne5 18.Qb3 c5 19.Bg5 Qb8 20.f4 Nc6 21.Qxb6 Nd7 22.Qb3 Bd4+
23.Kh2 f6 24.Bh6 Ba8 25.Qa2 Re7 26.Nd5 Rf7 27.b4 Nxb4 28.Nxb4 Qxb4 29.Nxd4 cxd4
30.Rxd4 Nf8 31.f5 gxf5 32.exf5 Bxg2 33.c5 d5  1-0

[Event "Bourbon Lancy op"]
[Site "Bourbon Lancy"]
[Date "1997.??.??"]
[Round "2"]
[White "Pigusov, Evgeny"]
[Black "David, Alberto"]
[Result "1-0"]
[WhiteElo "2560"]
[BlackElo "2460"]

1.Nf3 Nf6 2.c4 g6 3.g3 Bg7 4.Bg2 O-O 5.d4 d5 6.cxd5 Nxd5 7.O-O Nb6 8.Nc3 Nc6
9.d5 Na5 10.Qc2 Nxd5 11.Rd1 c6 12.Ne1 Bd7 13.Nxd5 cxd5 14.Rxd5 e6 15.Rd3 Rc8
16.Qd1 Rc7 17.Bf4 e5 18.Rc1 exf4 19.Rxc7 Qxc7 20.Rxd7 Qb6 21.b3 fxg3 22.hxg3 Nc6
23.Nd3 Qa6 24.Qd2 Qb5 25.Qe3 Qf5 26.Rxb7 Nd4 27.Rxa7 h5 28.b4 h4 29.gxh4 Qg4
30.Kf1 Qxh4 31.Qe4 Qf6 32.Qe7 Qf5 33.a4 Bf6 34.Qe4 Qc8 35.e3 Nb3 36.Qc6 Qf5
37.Qc2 Na1 38.Qc4 Kh8 39.Ke2 Bg7 40.Ra8  1-0

[Event "Ciocaltea mem"]
[Site "Bucharest"]
[Date "1997.??.??"]
[Round "2"]
[White "Marin, Mihail"]
[Black "Istratescu, Andrei"]
[Result "1/2-1/2"]
[WhiteElo "2545"]
[BlackElo "2545"]

1.Nf3 Nf6 2.c4 g6 3.g3 Bg7 4.Bg2 O-O 5.O-O d6 6.Nc3 e5 7.d4 Nc6 8.d5 Ne7
9.e4 Nd7 10.Ne1 f5 11.Nd3 Nf6 12.Bg5 Kh8 13.Re1 c6  1/2-1/2

[Event "Budapest FS12 GM"]
[Site "Budapest"]
[Date "1997.??.??"]
[Round "1"]
[White "Vadasz, Laszlo"]
[Black "Horvath, Adam"]
[Result "0-1"]
[WhiteElo "2320"]
[BlackElo "2415"]

1.Nf3 Nf6 2.c4 g6 3.g3 Bg7 4.Bg2 O-O 5.O-O d6 6.Nc3 e5 7.d4 Nbd7 8.e4 exd4
9.Nxd4 Re8 10.f3 a6 11.Be3 Rb8 12.Qd2 Ne5 13.b3 c5 14.Nde2 b5 15.cxb5 axb5
16.Rfd1 b4 17.Na4 Ba6 18.Nf4 g5 19.Qxd6 Qxd6 20.Rxd6 gxf4 21.gxf4 Nxf3+ 22.Bxf3 Nxe4
23.Rxa6 Bxa1 24.Nxc5 Ng5 25.fxg5 Rxe3 26.Kg2 Rc8 27.Ne4 Be5 28.Kf2 Bf4 29.Nf6+ Kh8
30.Be2 Bxg5 31.Bc4 Rh3 32.Ne4 Bh4+ 33.Kg2 Re3 34.Ng3 Bxg3 35.hxg3 Rg8 36.Rf6 Rexg3+
37.Kf2 R3g7 38.Ke3 Ra8 39.Rb6 Rxa2 40.Rxb4 Rg3+ 41.Kd4 Rd2+ 42.Ke4 Kg7 43.Rb7 Rf2
44.Rc7 h5  0-1

[Event "Budapest FS04 GM"]
[Site "Budapest"]
[Date "1997.??.??"]
[Round "7"]
[White "Almasi, Istvan"]
[Black "Stocek, Jiri"]
[Result "0-1"]
[WhiteElo "2415"]
[BlackElo "2450"]

1.Nf3 Nf6 2.c4 g6 3.g3 Bg7 4.Bg2 O-O 5.O-O c5 6.d4 d6 7.Nc3 Nc6 8.dxc5 dxc5
9.Be3 Be6 10.Qa4 Nd4 11.Bxd4 cxd4 12.Nb5 Nd7 13.Nfxd4 Nb6 14.Nxe6 Nxa4 15.Nxd8 Rfxd8
16.Bxb7 Rab8 17.Bc6 a6 18.Nc7 Nc5 19.b4 Bxa1 20.bxc5 Rbc8 21.Nd5 Bf6 22.Nxf6+ exf6
23.Bd5 Rxc5 24.Rb1 Ra5 25.Rb2 f5 26.e3 g5 27.h3 Ra3 28.Kg2 Kg7 29.g4 f4 30.e4 Ra5
31.e5 Re8 32.Re2 Ra3 33.Bf3 Rc8 34.Rc2 Rc5 35.Bd5 Rc7 36.e6 fxe6 37.Bxe6 f3+
38.Kg3 Re7 39.Bd5 Re2 40.Rc1 Raxa2 41.Bxf3 Rxf2 42.Re1 Rfc2 43.Re7+ Kf6 44.Rxh7 Ra3
45.h4 Kg6 46.Rh5 gxh4+ 47.Kf4 Rxc4+ 48.Be4+ Kg7 49.Rxh4 a5 50.Rh7+ Kg8 51.Re7 Kf8
52.Re5 a4 53.Rf5+ Kg7 54.Rg5+ Kf8 55.Rf5+ Ke7 56.Re5+ Kd6 57.Rd5+ Kc7 58.g5 Ra1
59.g6 Rf1+ 60.Ke5 Re1 61.Rd4 Rxd4 62.Kxd4 a3 63.Bd5 Rd1+  0-1

[Event "Budapest FS12 IM-A"]
[Site "Budapest"]
[Date "1997.??.??"]
[Round "8"]
[White "Karatorossian, David"]
[Black "Rodighiero, Giuseppe"]
[Result "1-0"]
[WhiteElo "2335"]
[BlackElo "2185"]

1.c4 Nf6 2.g3 g6 3.Bg2 Bg7 4.Nf3 O-O 5.O-O d6 6.Nc3 c6 7.d3 a6 8.h3 e5 9.Kh2 h6
10.Qc2 Qc7 11.b3 Re8 12.e4 Nbd7 13.Bb2 c5 14.Nh4 Nf8 15.Nd5 Nxd5 16.cxd5 Qd8
17.Qd2 Kh7 18.b4 b6 19.a4 a5 20.bxc5 bxc5 21.Bc3 Re7 22.Rfb1 Rea7 23.Nf3 Bd7
24.Qc2 Qc7 25.Nd2 g5 26.Nc4 Ra6 27.Bf3 Ng6 28.Bg4 f5 29.Bxf5 Bxf5 30.exf5 Ne7
31.Ne3 Qd7 32.g4 Bf6 33.Rb5 Nc8 34.Rab1 R8a7 35.Qb3 Bd8 36.Rb7 Rxb7 37.Qxb7 Ra7
38.Qxd7+ Rxd7 39.Rb8 Ne7 40.Ra8 Kg7 41.Bxa5 Bxa5 42.Rxa5 Kf6 43.f3  1-0

[Event "Budapest FS06 GM"]
[Site "Budapest"]
[Date "1997.??.??"]
[Round "11"]
[White "Csom, Istvan"]
[Black "Shaked, Tal"]
[Result "1/2-1/2"]
[WhiteElo "2460"]
[BlackElo "2445"]

1.Nf3 Nf6 2.c4 g6 3.g3 Bg7 4.Bg2 O-O 5.d4 d6 6.Nc3 Nbd7 7.O-O e5 8.b3 Re8
9.e4 c6 10.h3 a6 11.Be3 exd4 12.Nxd4 Nc5 13.f3 d5 14.Nxc6 bxc6 15.Bxc5 Nh5
16.Ne2 Bxa1 17.Qxa1 dxc4 18.g4 Ng7 19.bxc4 Ne6 20.Rd1 Qg5 21.Bf2 Nf4 22.Nxf4 Qxf4
23.Qc3 Be6 24.Be3 Qc7 25.Bh6 f6 26.Qxf6 Bxc4 27.a3 Rad8 28.Rc1 Bb5 29.Qa1 Qe5
30.Qa2+ Qe6 31.Qa1 Qe5 32.Qa2+ Qe6 33.Qa1 Qe5  1/2-1/2

[Event "Buenos Aires op"]
[Site "Buenos Aires"]
[Date "1997.??.??"]
[Round "2"]
[White "Panno, Oscar"]
[Black "Ferraro, Fabian"]
[Result "1-0"]
[WhiteElo "2465"]
[BlackElo "2245"]

1.Nf3 Nf6 2.c4 g6 3.g3 Bg7 4.Bg2 O-O 5.O-O d6 6.d4 Nc6 7.d5 Na5 8.Qa4 c5
9.Bd2 b6 10.Bc3 Bd7 11.Qc2 Rb8 12.Nbd2 e5 13.dxe6 Bxe6 14.Rad1 Qc7 15.b3 Ne8
16.Ne4 Bf5 17.Nh4 Bxe4 18.Bxe4 Bf6 19.Ng2 Qe7 20.Bf3 Bxc3 21.Qxc3 Nf6 22.Rd3 Qe5
23.Qd2 Rfd8 24.Rd1 Ne8 25.Re3 Qf6 26.Nf4 Rd7 27.h4 h5 28.Bg2 Rbd8 29.Bh3 Rb7
30.Nd5 Qg7 31.Nc3 Nf6 32.Rd3 Ne8 33.Nb5 Re7 34.Kf1 Qe5 35.Rd5 Qf6 36.Nxd6 Nc6
37.Nxe8 Rexe8 38.Bd7 Nd4 39.Bxe8 Rxe8 40.Rxd4  1-0

[Event "Cairo-B"]
[Site "Cairo"]
[Date "1997.??.??"]
[Round "11"]
[White "Csom, Istvan"]
[Black "Hakki, Imad"]
[Result "1-0"]
[WhiteElo "2460"]
[BlackElo "2395"]

1.c4 Nf6 2.Nf3 g6 3.g3 Bg7 4.Bg2 O-O 5.d4 d6 6.Nc3 Nc6 7.O-O Bd7 8.b3 a6
9.Bb2 Rb8 10.Nd5 Nh5 11.Qd2 b5 12.Rac1 bxc4 13.Rxc4 e6 14.Ne3 Ne7 15.Rc2 Nf6
16.Nc4 Bc6 17.Rd1 Be4 18.Rcc1 Qd7 19.Qe1 Ba8 20.Qa5 Rb5 21.Qa4 Rbb8 22.Qxd7 Nxd7
23.Ne1 Bxg2 24.Kxg2 Rfc8 25.Nd3 f5 26.Rc2 Nb6 27.Rdc1 Nbd5 28.Ba3 Rd8 29.e3 e5
30.dxe5 Bxe5 31.e4 fxe4 32.Ndxe5 dxe5 33.Nxe5  1-0

[Event "Goodricke op"]
[Site "Calcutta"]
[Date "1997.??.??"]
[Round "2"]
[White "Szekely, Peter"]
[Black "Joshi, G B."]
[Result "1-0"]
[WhiteElo "2455"]
[BlackElo "2285"]

1.Nf3 Nf6 2.c4 g6 3.g3 Bg7 4.Bg2 O-O 5.d4 d6 6.Nc3 Nc6 7.O-O a6 8.b3 Rb8
9.e3 b5 10.Qe2 Na5 11.cxb5 axb5 12.b4 Nc6 13.Rb1 Na7 14.e4 Bd7 15.e5 Ne8
16.Bf4 Nc8 17.Rbc1 Nb6 18.d5 dxe5 19.Nxe5 Nd6 20.Rfd1 Be8 21.Ne4 Ra8 22.Nc5  1-0

[Event "Goodricke op"]
[Site "Calcutta"]
[Date "1997.??.??"]
[Round "4"]
[White "Szekely, Peter"]
[Black "Iuldachev, Saidali"]
[Result "1/2-1/2"]
[WhiteElo "2455"]
[BlackElo "2555"]

1.Nf3 Nf6 2.c4 g6 3.g3 Bg7 4.Bg2 O-O 5.d4 d6 6.Nc3 Nbd7 7.O-O e5 8.e4 c6
9.b3 a6 10.h3 b5 11.dxe5 dxe5 12.Qc2 Qe7 13.Be3 bxc4 14.bxc4 Nc5 15.Rab1 a5
16.Bxc5 Qxc5 17.Na4 Qe7 18.Nb6 Ra7 19.Nxc8 Rxc8 20.h4 Rd8 21.Bh3 Nd7 22.Bxd7 Raxd7
23.Rfd1 f5 24.Rxd7 Qxd7 25.Kg2 Bf6  1/2-1/2

[Event "Goodricke op"]
[Site "Calcutta"]
[Date "1997.??.??"]
[Round "5"]
[White "Davies, Nigel R"]
[Black "Saravanan, V."]
[Result "1/2-1/2"]
[WhiteElo "2505"]
[BlackElo "2380"]

1.Nf3 Nf6 2.c4 g6 3.g3 Bg7 4.Bg2 O-O 5.d4 d6 6.O-O a6 7.b3 c5 8.Bb2 Nc6 9.d5 Na5
10.Nbd2 b5 11.e4 Rb8 12.Bc3 e5 13.Ne1 Ne8 14.Nd3 f5 15.cxb5 axb5 16.b4 cxb4
17.Nxb4 Qb6 18.Nb3 Nxb3 19.axb3 Bb7 20.exf5 gxf5 21.Nc6 Ra8 22.Ba5 Rxa5 23.Nxa5 e4
24.Ra2 Nc7 25.Nxb7 Qxb7 26.Qd2 Nxd5 27.Rc1 b4 28.Bf1 Nc3 29.Qxd6 Rf6 30.Qd8+ Rf8
31.Qd6 Rf6 32.Qe5 Nxa2 33.Rc7 Qa8 34.Bc4+ Kh8 35.Re7 Qf8 36.Re8 Nc1 37.Rxf8+ Rxf8
38.Qd6 Nd3 39.Bxd3 exd3 40.Qxd3 Bc3 41.Kg2 Kg7 42.Qd6 h6 43.Kf3 Rf6 44.Qd5 Rf7
45.Ke2 Re7+ 46.Kd3 Rf7 47.Kc4 Rf6 48.h4 Rf7 49.Kc5 Rf6 50.h5 Kf8 51.Qd8+ Kf7
52.Kd5 Kg7 53.Qe8 Kh7 54.Qe7+ Kg8 55.Kc4 Rc6+ 56.Kd3 Rf6 57.Ke2 Kh8 58.Kf3 Kg8
59.Kg2 Kh8 60.Kh3 Kg8 61.f3 Kh8 62.Kh4 Kg8 63.Qd7 Kh8 64.g4 fxg4 65.fxg4 Be1+
66.Kh3 Bc3 67.g5 hxg5 68.Kg4 Rf4+ 69.Kxg5 Rf8 70.Qe7 Ra8 71.h6 Ra1 72.Qe8+ Kh7
73.Qe4+ Kh8 74.Qe8+ Kh7 75.Qd7+ Kh8 76.Qd8+ Kh7 77.Qd3+ Kh8 78.Kg6 Ra8 79.Qe3 Ra6+
80.Kg5 Ra5+ 81.Kg4 Re5 82.Qa7 Re4+ 83.Kf5 Re5+ 84.Kf4 Rh5  1/2-1/2

[Event "Goodricke op"]
[Site "Calcutta"]
[Date "1997.??.??"]
[Round "7"]
[White "Parameswaran, Tiruchi N"]
[Black "Bakliwal, Gaurav"]
[Result "1-0"]
[WhiteElo "2400"]
[BlackElo "2300"]

1.Nf3 Nf6 2.g3 g6 3.c4 Bg7 4.Bg2 O-O 5.Nc3 c5 6.O-O Nc6 7.d4 cxd4 8.Nxd4 a6
9.e3 Qc7 10.b3 Rb8 11.Bb2 Nxd4 12.Qxd4 e6 13.Rac1 b5 14.cxb5 Qa5 15.Qa7 Qb6
16.Qxb6 Rxb6 17.Ba3 d6 18.Na4 Rxb5 19.Bxd6 Rd8 20.Be7 Re8 21.Bc6 Nd7 22.Rfd1 Rxe7
23.Bxb5 axb5 24.Rxc8+ Bf8 25.Nc3 b4 26.Na4 Kg7 27.Rd4 Ne5 28.Rdd8 Nd7 29.Rc4 Ne5
30.Rcc8 Nd7 31.Nb2 f5 32.Nd3 Rf7 33.Nf4 Bd6 34.Nxe6+ Kf6 35.Nd4 Ke5 36.Nb5 Rf8
37.Nxd6  1-0

[Event "Goodricke op"]
[Site "Calcutta"]
[Date "1997.??.??"]
[Round "7"]
[White "Davies, Nigel R"]
[Black "Ravi, Lanka"]
[Result "1-0"]
[WhiteElo "2505"]
[BlackElo "2390"]

1.Nf3 Nf6 2.c4 g6 3.g3 Bg7 4.Bg2 O-O 5.O-O d6 6.d4 Nc6 7.Nc3 e5 8.d5 Ne7
9.e4 Ne8 10.b4 h6 11.c5 f5 12.Nd2 f4 13.Nc4 g5 14.a4 Ng6 15.Ba3 g4 16.Re1 h5
17.a5 Rf7 18.b5 b6 19.cxb6 axb6 20.Na4 Rb8 21.axb6 cxb6 22.Rc1 h4 23.Rc2 Bh6
24.Nab2 hxg3 25.fxg3 Qf6 26.Nxb6 f3 27.Nd3 Rxb6 28.Rxc8 Rf8 29.Nf2 fxg2 30.Nxg4 Qg7
31.Bc1 Bxc1 32.Qxc1 Rxb5 33.Nh6+ Kh7 34.Nf5 Qa7+ 35.Kxg2 Kg8 36.h4 Qa2+ 37.Kh3 Rb2
38.Qg5 Rh2+ 39.Kg4 Kf7 40.Rxe8 Kxe8  1-0